000 00274nmm a2200097Ia 4500
008 220120s9999||||xx |||||||||||||||||und||
020 _a019569953X
100 _aPalinitkar, Samir
_92104
245 0 _aVerilog nVHDL; A guide to digital design and synthesis
260 _bNew Delhi
999 _c140050
_d140050